000 01022nam a2200229Ia 4500
999 _c38322
_d38322
001 4332
003 GE_BSU
005 20191009112207.0
008 181216s1979||||ge |||||||||||||| ||geo||
040 _cGE_BSU
041 _ageo
080 _a821.353.1–91–1+398.2(479.22) ქ–27
245 _aქართული ხალხური პოეზია :
_bტ. 7 : საყოფაცხოვრებო ლექსები /
_cმთ. რედ.:მ. ჩიქოვანი.
264 _aთბილისი :
_bმეცნიერება,
_c1979.
300 _a618 გვ .;
_b22 სმ.
501 _aსაძიებ გვ. 558–607
541 _h8ლ.
653 _aქართული ხალხური პოეზია
700 _aჩიქოვანი, მ.
_eრედაქტორი
_94642
711 _aსაქ. სსრ მეცნ. აკადემია. ქართ. ლიტ-რის ისტორიის ინ-ტი.
_94643
942 _cBK
_2udc